000 00501nam a2200181Ia 4500
008 240925s9999 xx 000 0 und d
020 _a9788126514427
082 _a530 HAL
100 _aHalliday, David; Resnick, Robert; Walker, Jearl
245 0 _aFundamentals of Physics
250 _a8th
260 _aNew Jersey:
_bJohn wiley & Sons
_c,2008.
300 _aviii,417p.
_bNA
_fPhotocopy
500 _aIncludes Index
600 _aHumanities & Natural Science
650 _aPhysics
942 _cBK
999 _c8443
_d8443